| 000 | 00622nam a2200181Ia 4500 | ||
|---|---|---|---|
| 008 | 090630s9999 xx 000 0 und d | ||
| 082 | _b28887 | ||
| 100 | _aभोरे सुगंध. | ||
| 245 |
_aमागं वळून पाहताना. _cभोरे सुगंध. |
||
| 260 |
_bसुशील - पुणे. _c2006 |
||
| 300 | _a0 | ||
| 600 | _aभोरे सुगंध. | ||
| 630 | _aमागं वळून पाहताना. | ||
| 655 | _aकाव्य. | ||
| 700 | _aभोरे सुगंध. | ||
| 730 | _aमागं वळून पाहताना. | ||
| 942 | _cBOOK | ||
| 999 |
_c280743 _d280743 |
||